000 00885cam a2200253 4500
008 090401t1990 xxu||||| |||| 00| 0 eng d
020 _a0906182514
035 _a(Sirsi) u18715
041 _aeng
050 _a690.24
110 _aBuilding Maintenance Information Ltd
_92307
245 _aOccupancy cost indices : description, methodology and background
260 _aKingston upon Thames
_bBuilding Maintenance Information Ltd
_c1990
300 _a20p. ; 30cm.
350 _a2.5
490 _aSerial
_v190
520 _aThis item is part of a subscription service and cannot be photocopied, neither can any part of it be read out over the phone. Please contact BMI direct on 0171-222-7000 for details.
650 _aBMI
650 _aCLEANING COST INDICES
650 _aENERGY COST INDICES
650 _aMAINTENANCE COST INDICES
942 _n0
948 _c04/03/1997
999 _c87615
_d87615